| 000 | 00393nam a2200169Ia 4500 | ||
|---|---|---|---|
| 100 | _aPosland/Stefan | ||
| 650 | _aComputing | ||
| 942 | _cBK | ||
| 366 | _f27 | ||
| 654 | _aubiquitous | ||
| 245 | _aUbiquitous computing:Small devices environments and interactions | ||
| 260 |
_bWiley India _c2009 |
||
| 082 |
_a4.6 _bPOS |
||
| 300 | _a473 | ||
| 546 |
_aENGLISH _celectronics |
||
| 999 |
_c20506 _d20506 |
||